ADP & E Farmers v Department of Transport (Record no. 9697)
[ view plain ]
| 000 -LEADER | |
|---|---|
| fixed length control field | 01688cab a2200217 4500 |
| 001 - CONTROL NUMBER | |
| control field | ABS39180 |
| 008 - FIXED-LENGTH DATA ELEMENTS--GENERAL INFORMATION | |
| fixed length control field | 090401t1988 xxu||||| |||| 00| 0 eng d |
| 035 ## - SYSTEM CONTROL NUMBER | |
| System control number | (Sirsi) u14857 |
| 041 ## - LANGUAGE CODE | |
| Language code of text/sound track or separate title | eng |
| 245 ## - TITLE STATEMENT | |
| Title | ADP & E Farmers v Department of Transport |
| 260 ## - PUBLICATION, DISTRIBUTION, ETC. | |
| Date of publication, distribution, etc. | 1988 |
| 350 ## - PRICE (NR) (BK AM CF MU VM SE) [OBSOLETE] | |
| Price | 0 |
| 490 ## - SERIES STATEMENT | |
| Series statement | Estates Gazette |
| Volume/sequential designation | (8818) 7 May 1988 80-84 |
| 520 ## - SUMMARY, ETC. | |
| Summary, etc. | LT (REF/201/1984) 3 February 1988. A reference to determine the amount of compensation payable on the acquisition of land for the formation of a spur road to the M5 motorway. Briefly, 0.555 ac of land fronting on to the then Exeter bypass was acquired. This land formed part of 19.28 ac with possibilities for housing development. The claimants` figure for compensation was £750,079 on the assumption that after the acquisition of the 0.555 ac there was no prospect of the retained land being developed and its value did not exceed agricultural value. An alternative claim of £726,647 was sought if the Bwllfa principle was not applicable. The acquiring authority`s figure was £98,010, based on the assumption that alternative means of access were available to the retained land so that it could be developed. Planning permission for residential development had been refused in 1962, 67 and 76; a certificate of appropriate alternative development for the land taken was issued by the Secretary of |
| 650 ## - SUBJECT ADDED ENTRY--TOPICAL TERM | |
| Topical term or geographic name entry element | ABBEY HOMESTEADS GROUP LTD V SOS TRANSPORT |
| 650 ## - SUBJECT ADDED ENTRY--TOPICAL TERM | |
| Topical term or geographic name entry element | POINTE GOURDE QUARRYING AND TRANSPORT CO LTD V CROWN LANDS SUPERINTENDENT |
| 650 ## - SUBJECT ADDED ENTRY--TOPICAL TERM | |
| Topical term or geographic name entry element | S18 CERTIFICATE |
| 690 ## - LOCAL SUBJECT ADDED ENTRY--TOPICAL TERM (OCLC, RLIN) | |
| Topical term or geographic name as entry element | ENVIRONMENTAL AND LAND CONSULTANCY-PLANNING AND DEVELOPMENT-COMPULSORY PURCHASE AND COMPENSATION |
| 942 ## - ADDED ENTRY ELEMENTS (KOHA) | |
| Suppress in OPAC | 0 |
| 948 ## - LOCAL PROCESSING INFORMATION (OCLC); SERIES PART DESIGNATOR (RLIN) | |
| c (OCLC) | 04/03/1997 |
| Withdrawn status | Lost status | Source of classification or shelving scheme | Damaged status | Not for loan | Home library | Current library | Shelving location | Date acquired | Total Checkouts | Full call number | Barcode | Date last seen | Copy number | Price effective from | Koha item type |
|---|---|---|---|---|---|---|---|---|---|---|---|---|---|---|---|
| Dewey Decimal Classification | London | London | Journal article | 14/09/1999 | ABS39180 | 14857-1001 | 06/08/2019 | 1 | 06/08/2019 | Law report |